000 00471nam a2200181Ia 4500
008 090124s9999 xx 000 0 und d
082 _b18752
100 _aराजे शैलजा
245 _a बंधन
250 _a1
260 _bरंजन प्रकाशन
_c1980
300 _a151
600 _aराजे शैलजा
630 _a बंधन
700 _aराजे शैलजा
730 _a बंधन
942 _cBOOK
999 _c89721
_d89721